| Tag |
First Indicator |
Second Indicator |
Subfields |
| LEADER |
00000cam a2200000Ia 4500 |
| 001 |
in00002126521 |
| 005 |
20151103061936.0 |
| 008 |
040826s2004 nyua 000 c eng d |
| 020 |
|
|
|a 140120337X
|
| 035 |
|
|
|a (OCoLC)ocm56359264
|
| 040 |
|
|
|a ORX
|c ORX
|d BAKER
|d UtOrBLW
|
| 049 |
|
|
|a TXAM
|
| 090 |
|
|
|a PN6727.M677
|b S42 2004
|
| 100 |
1 |
|
|a Morrison, Grant.
|
| 245 |
1 |
0 |
|a Sebastian O /
|c written by Grant Morrison ; illustrated by Steve Yeowell ; colored by Tatjana Wood ; lettered by John Workman.
|
| 264 |
|
1 |
|a New York, NY :
|b Vertigo Comics,
|c 2004.
|
| 300 |
|
|
|a 79 pages :
|b color illustrations ;
|c 26 cm.
|
| 336 |
|
|
|a text
|b txt
|2 rdacontent
|
| 337 |
|
|
|a unmediated
|b n
|2 rdamedia
|
| 338 |
|
|
|a volume
|b nc
|2 rdacarrier
|
| 500 |
|
|
|a Originally published in single magazine form in 1993 as Sebastian O, 1-3.
|
| 655 |
|
7 |
|a Graphic novels.
|2 lcgft
|
| 700 |
1 |
|
|a Yeowell, Steve.
|
| 938 |
|
|
|a Baker & Taylor
|b BKTY
|c 9.95
|d 7.46
|i 140120337X
|n 0004456273
|s active
|
| 994 |
|
|
|a C0
|b TXA
|
| 948 |
|
|
|a cataloged
|b h
|c 2006/6/20
|d c
|e bhartsfi
|f 10:28:42 am
|
| 999 |
|
|
|a MARS
|
| 999 |
f |
f |
|s 27d63576-91d9-3bd5-8b72-954bfaa135d0
|i d6328477-0f07-303a-aaf1-8475aab07b47
|t 0
|
| 952 |
f |
f |
|p ric
|a Texas A&M University
|b Rellis Campus
|c Joint Library Facility
|d Remote Storage
|t 0
|e PN6727.M677 S42 2004
|h Library of Congress classification
|i unmediated -- volume
|m A14833594433
|
| 998 |
f |
f |
|a PN6727.M677 S42 2004
|t 0
|l Remote Storage
|